Normal view
MARC view
Entry Topical Term
001 - CONTROL NUMBER
- control field: 13357
003 - CONTROL NUMBER IDENTIFIER
- control field: BD-RjUL
005 - DATE AND TIME OF LATEST TRANSACTION
- control field: 20240627101608.0
008 - FIXED-LENGTH DATA ELEMENTS
- fixed length control field: 240627|| aca||aabn | a|a d
040 ## - CATALOGING SOURCE
- Original cataloging agency: BD-RjUL
- Transcribing agency: BD-RjUL
150 ## - HEADING--TOPICAL TERM
- Topical term or geographic name entry element: Agrochemicals
- Form subdivision: Rice
670 ## - SOURCE DATA FOUND
- Source citation: Work cat.: (BD-RjUL)83923: Kamaly, Md. Hasanul Kabir 13356, Farmers Perception on the Harmful Effects of Using Agrochemicals in Rice Production /, 2011